|
|
|
|
| LEADER |
00000nab a2200000 a 4500 |
| 001 |
vtls000866240 |
| 003 |
SK-MaSNL |
| 005 |
20260302161134.0 |
| 008 |
140422c2004 xo 0 slo |
| 015 |
|
|
|a SNBRB2004/03-08531
|
| 035 |
|
|
|a CLN000217792
|
| 040 |
|
|
|a SNKBUCL
|b slo
|c SNKBUCL
|e AACR2
|
| 041 |
0 |
|
|a slo
|
| 044 |
|
|
|a xo
|c SK
|
| 080 |
|
|
|a 730.071.1
|2 1997
|
| 100 |
1 |
|
|a Pivovarníková, Jana,
|d 1949-
|4 aut
|9 191140
|
| 245 |
1 |
0 |
|a Sochár Andrej Rudavský
|c Jana Pivovarníková
|
| 600 |
1 |
7 |
|a Rudavský, Andrej,
|d 1933-2016
|2 snkbucl
|9 54402
|
| 655 |
|
7 |
|a články z novín a časopisov
|2 snkbucl
|9 267496
|
| 773 |
0 |
|
|t Literárny (dvoj)týždenník
|g Roč. XVII, č. 4-5 (2004), s. 15
|x 0862-5999
|
| 850 |
|
|
|a Slovenská národná knižnica v Martine
|
| 852 |
|
|
|a SNK
|b KIS3GCP
|
| 992 |
|
|
|a RBX
|
| 999 |
|
|
|c 1376529
|d 1378459
|